[Event "AUTO-OPEN-3039"]
[Site "http://www.queenalice.com/game.php?id=1201925"]
[Date "2013.7.23"]
[Round "1"]
[White "astrologo"]
[Black "lawyerplayer"]
[Result "1-0"]
[WhiteElo "2220"]
[BlackElo "2077"]

1. e4 e5 2. Nf3 Nc6 3. Bc4 Bc5 4. O-O Nf6 5. d3 d6 6. Nc3 h6 7. h3 Be6 8. Bb3
O-O 9. Na4 b6 10. Nxc5 bxc5 11. Re1 Qd7 12. Bxe6 fxe6 13. b3 Rf7 14. Nh4 g5 15.
Nf3 Nd4 16. Nxd4 cxd4 17. f3 Nh5 18. Kh2 Raf8 19. Rf1 Rf6 20. Qe1 Qc6 21. Qe2
Kh7 22. a4 Qe8 23. Bd2 Qf7 24. b4 Nf4 25. Bxf4 gxf4 26. Rg1 Rg8 27. b5 Rg3 28.
Rac1 Qd7 29. c3 c5 30. c4 Qc7 31. Qd2 Rf8 32. a5 Rb8 33. Rb1 Rb7 34. Rb2 Rg8 35.
Rgb1 Rgb8 36. Qe1 Qd8 37. Kg1 h5 38. Kh2 h4 39. b6 a6 40. Qd1 1-0

[Event "AUTO-OPEN-3039"]
[Site "http://www.queenalice.com/game.php?id=1201928"]
[Date "2013.7.23"]
[Round "1"]
[White "lawyerplayer"]
[Black "carito30236"]
[Result "1-0"]
[WhiteElo "2116"]
[BlackElo "1775"]

1. d4 Nf6 2. c4 d5 3. cxd5 Nxd5 4. e4 Nb6 5. Nc3 a6 6. Nf3 e6 7. Be2 Bb4 8. O-O
c6 9. a3 Be7 10. Be3 N8d7 11. d5 cxd5 12. exd5 exd5 13. Nxd5 O-O 14. Qb3 Nxd5
15. Qxd5 Bf6 16. Rad1 Bxb2 17. Nd4 Nf6 18. Qb3 Bxd4 19. Rxd4 Qc7 20. Rc1 Qe5 21.
Bf3 Qb5 22. Rb4 Qd7 23. g4 a5 24. Rd4 a4 25. Qb4 Qe8 26. g5 Nd7 27. Kg2 Ne5 28.
Re4 Qd7 29. Rh4 Nd3 30. Qb1 Qf5 31. Be4 Qe5 32. Bxh7+ Kh8 33. Bxd3+ Kg8 34. Bh7+
Kh8 35. Bg8+ Kxg8 36. Qh7# 1-0

[Event "AUTO-OPEN-3039"]
[Site "http://www.queenalice.com/game.php?id=1201929"]
[Date "2013.7.23"]
[Round "1"]
[White "carito30236"]
[Black "lawyerplayer"]
[Result "0-1"]
[WhiteElo "1817"]
[BlackElo "2113"]

1. e4 c5 2. Nf3 d6 3. Nc3 g6 4. d4 cxd4 5. Qxd4 Nf6 6. Bb5+ Nc6 7. e5 dxe5 8.
Bxc6+ bxc6 9. Qxd8+ Kxd8 10. Ng5 Ke8 11. a4 Bg7 12. b4 Nd5 13. Nxd5 cxd5 14. Bb2
f6 15. Nf3 Bf5 16. c3 Bd3 17. Kd2 Bc4 18. h4 h5 19. Rhg1 f5 20. Rge1 e4 21. Nd4
e5 22. Ne6 Bh6+ 23. Kc2 Ke7 24. Ng5 Rhd8 25. f3 Rac8 26. Ba3 Kf6 27. fxe4 dxe4
28. Bc1 Bd3+ 29. Kb3 f4 30. Nxe4+ Bxe4 31. Rxe4 Kf5 32. Rc4 Rxc4 33. Kxc4 Rd1
34. Kb3 e4 35. Kc2 Rg1 36. Kb3 Rxg2 37. Kc4 Rg1 38. a5 f3 39. Bb2 Rxa1 40. Bxa1
f2 41. Bb2 f1=Q+ 0-1

[Event "Challenge"]
[Site "http://www.queenalice.com/game.php?id=1205848"]
[Date "2013.8.7"]
[Round "-"]
[White "Herbert_Paulo"]
[Black "lawyerplayer"]
[Result "0-1"]
[WhiteElo "1644"]
[BlackElo "2103"]

1. e4 c5 2. Nf3 d6 3. d4 cxd4 4. Nxd4 Nf6 5. Nc3 a6 6. Be3 g6 7. Qd2 Ng4 8.
O-O-O Nc6 9. Nxc6 bxc6 10. Kb1 Nxe3 11. Qxe3 Bg7 12. h4 Rb8 13. Ka1 Qa5 14. Rd3
Qb4 0-1

[Event "Challenge"]
[Site "http://www.queenalice.com/game.php?id=1207078"]
[Date "2013.8.10"]
[Round "-"]
[White "Leide_Cezar"]
[Black "lawyerplayer"]
[Result "0-1"]
[WhiteElo "966"]
[BlackElo "2105"]

1. d4 Nf6 2. f3 d5 3. Bg5 e6 4. Bxf6 Qxf6 5. g3 c5 6. c3 Nc6 7. Bg2 cxd4 8. Qd3
dxc3 9. bxc3 Bd6 10. Nh3 O-O 11. O-O Ne5 12. Qe3 h6 13. Qf4 Qe7 14. Rd1 Bd7 15.
e4 Nd3 16. Qd2 Bc5+ 17. Kh1 dxe4 18. fxe4 Bb5 19. Nf4 Nf2+ 20. Kg1 Nxd1+ 21. Kh1
Nf2+ 22. Kg1 Nxe4+ 23. Kh1 Nxd2 24. Nxd2 g5 25. c4 Bc6 26. Nh5 f5 27. Nb3 Bxg2+
28. Kxg2 Rad8 29. Rc1 b6 30. Re1 Qb7+ 31. Kh3 g4+ 32. Kh4 Qg2 33. Nf4 Qxh2+ 34.
Nh3 Qxh3# 0-1

[Event "Challenge"]
[Site "http://www.queenalice.com/game.php?id=1207081"]
[Date "2013.8.10"]
[Round "-"]
[White "Leide_Cezar"]
[Black "lawyerplayer"]
[Result "0-1"]
[WhiteElo "968"]
[BlackElo "2104"]

1. d4 d5 2. e3 Nf6 3. Nf3 g6 4. Bb5+ c6 5. Ba4 b5 6. Bb3 Bg7 7. O-O O-O 8. a4 a5
9. axb5 cxb5 10. c3 Nc6 11. Ne5 Bb7 12. f3 e6 13. Na3 b4 14. Nb5 Nxe5 15. dxe5
Nd7 16. f4 Nc5 17. Nd4 Ba6 18. Rf2 Ne4 19. Rc2 bxc3 20. Ra2 Rc8 21. Ba4 Qb6 22.
Nb3 Bc4 23. Ra3 cxb2 24. Bxb2 Qxe3+ 25. Kh1 Bd3 26. Rc1 Nf2+ 0-1

[Event "Challenge"]
[Site "http://www.queenalice.com/game.php?id=1207938"]
[Date "2013.8.14"]
[Round "-"]
[White "jeancarlo1910"]
[Black "lawyerplayer"]
[Result "0-1"]
[WhiteElo "1778"]
[BlackElo "2118"]

1. Nc3 d5 2. d3 c5 3. Nf3 Nc6 4. h3 e5 5. Bd2 f5 6. e4 Nf6 7. Be2 d4 8. Nb5 a6
9. Na3 Bd6 10. Nc4 Bc7 11. exf5 Bxf5 12. Bg5 O-O 13. g4 Be6 14. Qd2 b5 15. Na3
Qd5 16. O-O-O Qxa2 17. Nb1 Qa1 18. c4 Na5 19. Qc2 bxc4 20. Bxf6 Nb3+ 21. Qxb3
cxb3 22. Be7 Rxf3 23. Bxf3 e4 24. Bxe4 Bf4+ 25. Rd2 Bxd2+ 26. Kxd2 Qxb2+ 27. Ke1
Qxb1+ 28. Ke2 Qc2+ 29. Kf3 Rc8 30. Kg3 c4 0-1

[Event "Juventus-SP"]
[Site "http://www.queenalice.com/game.php?id=1215841"]
[Date "2013.9.10"]
[Round "-"]
[White "lawyerplayer"]
[Black "jeancarlo1910"]
[Result "0-1"]
[WhiteElo "2047"]
[BlackElo "1996"]

1. d4 Nf6 2. c4 g6 3. Nc3 c6 4. e4 d5 5. e5 Ne4 6. Nxe4 dxe4 7. Be3 Bg7 8. Ne2
O-O 9. Nc3 Nd7 10. Be2 f5 11. exf6 Nxf6 12. Qc2 Bf5 13. Qb3 b6 14. h3 Kh8 15.
O-O-O a5 16. a4 b5 17. cxb5 cxb5 18. Bxb5 Bd7 19. Kb1 Bxb5 20. Nxb5 Nd5 21. Rc1
Nb4 22. Rc7 Nd3 23. Qe6 Nb4 24. Rd7 Qc8 25. Rc1 Qa6 26. Qxe7 Qf6 0-1

[Event "AUTO-MASTER-1944"]
[Site "http://www.queenalice.com/game.php?id=1216027"]
[Date "2013.9.10"]
[Round "1"]
[White "lawyerplayer"]
[Black "FabioDavid"]
[Result "0-1"]
[WhiteElo "2131"]
[BlackElo "2403"]

1. d4 Nf6 2. g3 g6 3. Bg2 d5 4. Nf3 Bg7 5. O-O O-O 6. c4 c6 7. Nc3 e6 8. c5 Re8
9. Ne5 Nbd7 10. f4 b6 11. b4 bxc5 12. bxc5 Nxe5 13. fxe5 Nd7 14. e4 Nxe5 15.
dxe5 Bxe5 16. Bd2 Ba6 17. Kh1 Bxf1 18. Qxf1 Qa5 19. Rc1 d4 20. Nb1 Qxa2 21. Bf4
Bxf4 22. gxf4 Rab8 23. Rd1 Rb2 0-1

[Event "AUTO-MASTER-1944"]
[Site "http://www.queenalice.com/game.php?id=1216028"]
[Date "2013.9.10"]
[Round "1"]
[White "FabioDavid"]
[Black "lawyerplayer"]
[Result "1-0"]
[WhiteElo "2419"]
[BlackElo "2091"]

1. e4 c5 2. Na3 e5 3. Nf3 Nc6 4. Bb5 Nge7 5. c3 a6 6. Bxc6 Nxc6 7. O-O d5 8. d3
d4 9. cxd4 cxd4 10. Nc4 Qc7 11. a4 Be6 12. b3 f6 13. Bd2 Bb4 14. Bxb4 Nxb4 15.
Qd2 a5 16. Ne1 Bxc4 17. bxc4 O-O 18. Nc2 Na6 19. Rfb1 Nc5 20. Rb5 b6 21. Ra2
Rfb8 22. Ne1 Rd8 23. Nf3 Rab8 24. Qd1 Na6 25. h4 Nb4 26. Rb2 Qd6 27. h5 g6 28.
Nh4 Kf7 29. Qg4 Rg8 30. R2xb4 axb4 31. Rd5 Qc6 32. Rd7+ Ke8 33. Rxh7 g5 34. Nf5
Qxa4 35. Nd6+ 1-0

[Event "AUTO-MASTER-1944"]
[Site "http://www.queenalice.com/game.php?id=1216029"]
[Date "2013.9.10"]
[Round "1"]
[White "lawyerplayer"]
[Black "VFA2013"]
[Result "1-0"]
[WhiteElo "2128"]
[BlackElo "1873"]

1. d4 d5 2. g3 Nf6 3. Bg2 e6 4. Nf3 c5 5. O-O cxd4 6. Nxd4 Nc6 7. c4 Be7 8. Nc3
dxc4 9. Nxc6 Qxd1 10. Rxd1 Bd7 11. Nxe7 Kxe7 12. Bxb7 Rab8 13. Ba6 Bc6 14. Bxc4
Rhd8 15. Rxd8 Rxd8 16. Be3 a5 17. Rd1 Rxd1+ 18. Nxd1 h6 19. Nc3 Kd6 20. f3 Nd5
21. Nxd5 Bxd5 22. Bxd5 Kxd5 23. Kf1 Kc4 24. Ke1 1-0

[Event "AUTO-MASTER-1944"]
[Site "http://www.queenalice.com/game.php?id=1216030"]
[Date "2013.9.10"]
[Round "1"]
[White "VFA2013"]
[Black "lawyerplayer"]
[Result "0-1"]
[WhiteElo "1989"]
[BlackElo "2145"]

1. d4 Nf6 2. c4 b6 3. Nc3 e6 4. Bg5 Be7 5. Nf3 Bb7 6. e3 O-O 7. Be2 d5 8. O-O h6
9. Bxf6 Bxf6 10. cxd5 exd5 11. Rc1 a6 12. Bd3 Nd7 13. a3 c5 14. dxc5 Nxc5 15.
Bb1 Ne4 16. Nd4 Rc8 17. Nxe4 dxe4 18. Rxc8 Qxc8 19. Qc1 Bxd4 20. Qxc8 Rxc8 21.
exd4 Bd5 22. Rd1 b5 23. Kf1 g5 24. Ke2 f5 25. Kd2 f4 26. g3 Kf7 27. Rc1 Rxc1 28.
Kxc1 a5 29. Kd2 Kf6 30. b4 a4 31. Bc2 Kf5 32. f3 h5 33. fxe4+ Bxe4 34. d5 Bxc2
35. d6 Ke6 36. d7 Kxd7 37. Kxc2 Ke6 38. Kd3 Kd5 39. Ke2 Ke4 40. Kf2 f3 41. h3 g4
42. hxg4 hxg4 43. Ke1 Ke3 44. Kf1 f2 0-1

[Event "AUTO-MASTER-1944"]
[Site "http://www.queenalice.com/game.php?id=1216031"]
[Date "2013.9.10"]
[Round "1"]
[White "lawyerplayer"]
[Black "clovis"]
[Result "0-1"]
[WhiteElo "2152"]
[BlackElo "1837"]

1. d4 d5 2. c4 c6 3. Nc3 e6 4. Nf3 Nf6 5. Bg5 dxc4 6. a4 Bb4 7. e4 Qa5 8. Bxf6
Bxc3+ 9. bxc3 Qxc3+ 10. Nd2 gxf6 11. Bxc4 Qxd4 12. O-O Nd7 13. Qc2 Rg8 14. Nf3
Qc5 15. Qd3 e5 16. Nh4 Nb6 17. Rfd1 Bg4 18. Rdc1 Rd8 19. Bxf7+ Kxf7 20. Qb3+ Be6
21. Qxe6+ Kxe6 22. Rxc5 Rd4 23. a5 Rxe4 24. Nf3 Rc4 25. Rc1 Rxc5 26. Rxc5 Rd8
27. g3 Rd5 0-1

[Event "AUTO-MASTER-1944"]
[Site "http://www.queenalice.com/game.php?id=1216032"]
[Date "2013.9.10"]
[Round "1"]
[White "clovis"]
[Black "lawyerplayer"]
[Result "0-1"]
[WhiteElo "1874"]
[BlackElo "2140"]

1. e4 c5 2. Nf3 d6 3. d4 cxd4 4. Qxd4 Nc6 5. Bb5 a6 6. Bxc6+ bxc6 7. Nc3 e5 8.
Qd3 a5 9. Be3 Nf6 10. O-O-O Ba6 11. Qd2 Be7 12. Na4 Nxe4 13. Qe1 Nf6 14. Nxe5
Qc7 15. Nf3 Rb8 16. Bb6 Rxb6 17. Qxa5 Rb7 18. Qxa6 Ra7 19. Qc4 O-O 20. Rdg1 d5
21. Qd4 c5 0-1

[Event "Challenge"]
[Site "http://www.queenalice.com/game.php?id=1217020"]
[Date "2013.9.14"]
[Round "-"]
[White "jeancarlo1910"]
[Black "lawyerplayer"]
[Result "1-0"]
[WhiteElo "1976"]
[BlackElo "2067"]

1. f4 d5 2. Nf3 Nf6 3. d4 c5 4. c3 c4 5. e3 Nc6 6. Be2 Bg4 7. Nbd2 h5 8. h3 Bf5
9. O-O e6 10. Ne5 g6 11. b4 Nxe5 12. dxe5 Ne4 13. Nxe4 Bxe4 14. Bf3 Bd3 15. Be2
Bxe2 16. Qxe2 b5 17. a3 Bg7 18. a4 Qb6 19. a5 Qc6 20. Qf3 a6 21. Bd2 O-O-O 22.
Rfd1 f6 23. Be1 1-0

[Event "OS INCLIVEIS"]
[Site "http://www.queenalice.com/game.php?id=1217059"]
[Date "2013.9.14"]
[Round "-"]
[White "adelio"]
[Black "lawyerplayer"]
[Result "0-1"]
[WhiteElo "1720"]
[BlackElo "2144"]

1. b4 c6 2. c4 a5 3. Qb3 axb4 4. Qxb4 e5 5. c5 d5 6. cxd6 Bxd6 7. Qc3 Qe7 8. Bb2
Nf6 9. f3 O-O 10. e4 b5 11. Qc1 Be6 12. h4 b4 13. d3 c5 14. Nd2 Rxa2 15. Nh3
Rxa1 16. Qxa1 Nc6 17. Nc4 Bxc4 18. dxc4 Nd4 19. Qb1 Nh5 20. Bxd4 exd4 21. Nf2 f5
22. Be2 Ng3 23. Rh3 g5 24. hxg5 Qxg5 25. Bd3 Qe3+ 26. Kd1 Qxf2 27. Rxg3+ Bxg3
28. Kc1 Ra8 29. Qb2 Bf4+ 30. Kb1 Qe1+ 31. Kc2 Qd2+ 32. Kb1 Qxd3+ 33. Qc2 Qxc2+
34. Kxc2 Kf7 35. Kb2 d3 36. g4 d2 37. Kc2 Ra1 38. e5 d1=Q+ 39. Kb2 Bxe5# 0-1

[Event "OS INCLIVEIS"]
[Site "http://www.queenalice.com/game.php?id=1217262"]
[Date "2013.9.15"]
[Round "-"]
[White "lawyerplayer"]
[Black "adelio"]
[Result "1-0"]
[WhiteElo "2139"]
[BlackElo "1769"]

1. d4 d5 2. c4 c5 3. dxc5 Nc6 4. cxd5 Nb8 5. Nc3 Nf6 6. e4 g6 7. Bb5+ Bd7 8. Bc4
Na6 9. Bxa6 bxa6 10. c6 Bc8 11. Be3 Qa5 12. Qd2 e6 13. Nge2 Bb4 14. O-O Nxe4 15.
Qd4 Bxc3 16. Nxc3 Rg8 17. Qxe4 Qc7 18. Bf4 Qb6 19. d6 Bd7 20. cxd7+ Kxd7 21. Na4
Qc6 22. Qd4 Rac8 23. Qxa7+ Rc7 24. Nb6+ Qxb6 25. Qxb6 Rgc8 26. dxc7 Ke8 27. Qd6
a5 28. Bg5 Rxc7 29. Qd8# 1-0

[Event "Challenge"]
[Site "http://www.queenalice.com/game.php?id=1223567"]
[Date "2013.10.10"]
[Round "-"]
[White "Leide_Cezar"]
[Black "lawyerplayer"]
[Result "0-1"]
[WhiteElo "1393"]
[BlackElo "2089"]

1. d4 d5 2. Nf3 Nf6 3. Ne5 g6 4. Bg5 Bg7 5. h3 O-O 6. e3 Nfd7 7. Nc3 f6 8. Nxd7
Qxd7 9. Bf4 e5 10. dxe5 fxe5 11. Qxd5+ Kh8 12. Bb5 c6 13. Qxd7 Bxd7 14. Bg5 cxb5
15. Nd5 Na6 16. f4 Bc6 17. e4 exf4 18. O-O-O Bxd5 19. exd5 Rf5 20. Be7 Bf8 21.
Ba3 b4 22. g4 Rf7 23. b3 bxa3 24. g5 Nb4 25. c4 Nxa2+ 26. Kb1 Nc3+ 27. Ka1 Nxd1
28. Rxd1 Bd6 29. h4 f3 30. Ka2 f2 31. Rf1 Re8 32. b4 Bxb4 33. Kb3 a5 34. Ka2 Re1
0-1

[Event "OS INCLIVEIS"]
[Site "http://www.queenalice.com/game.php?id=1223575"]
[Date "2013.10.10"]
[Round "-"]
[White "adelio"]
[Black "lawyerplayer"]
[Result "1-0"]
[WhiteElo "1695"]
[BlackElo "2127"]

1. b4 d5 2. b5 e5 3. Bb2 Bd6 4. h4 Nf6 5. h5 h6 6. Nf3 Qe7 7. e3 O-O 8. Be2 c5
9. Nh4 d4 10. g4 Nd5 11. Nf5 Bxf5 12. gxf5 dxe3 13. dxe3 Nc7 14. Kd2 a6 15. Nc3
axb5 16. Ne4 f6 17. Qg1 b4 18. Qg6 b5 19. Rh3 c4 20. Rg1 c3+ 21. Bxc3 bxc3+ 22.
Kd1 Rxa2 23. Qxg7+ Qxg7 24. Rxg7+ Kxg7 25. Bd3 Be7 26. Rg3+ Kh7 27. f3 Rg8 28.
Rh3 Ra1+ 29. Ke2 1-0